yer so bad Tom petty - lyrics - Statistics

General Stats
  • This quiz has been taken 21 times
  • The average score is 126 of 151
Answer Stats
Answer % Correct
bad
100%
so
100%
yer
100%
a
94%
got
94%
I
94%
i
94%
is
94%
married
94%
my
94%
no
94%
sister
94%
best
88%
can't
88%
ever
88%
had
88%
he
88%
lucky
88%
now
88%
which
88%
world
88%
worse
88%
dating
81%
decide
81%
gone
81%
in
81%
mad
81%
me
81%
shes
81%
singer
81%
swinger
81%
the
81%
to
81%
yuppie
81%
all
75%
baby
75%
but
75%
for
75%
get
75%
him
75%
lovin
75%
not
75%
save
75%
sisters
75%
thing
75%
took
75%
was
75%
worth
75%
you
75%
ex-husband
69%
head
69%
i've
69%
ive
69%
oh
69%
oven
69%
and
63%
he's
63%
nothin'
63%
around
50%
faced
50%
hurt
50%
walks
50%
dog
31%
No matching quizzes found
Score Distribution
Percent of People with Each Score
Percentile by Number Answered
Your Score History
You have not taken this quiz